Multiple Choice City Quiz - Hamburg - Statistics

General Stats
  • This quiz has been taken 119 times
    99 since last reset
  • The average score is 6 of 10
Answer Stats
Question Answer % Correct
In 2016, the "Elbphilharmonie" was finished. What is it? A concert hall
88%
In Hamburg's Speicherstadt, you'll find the world's largest... model railway system.
81%
Which of these images is from Hamburg?
75%
Hamburg is its own state. How many other German states does it border? 2
71%
Which colors would you find on Hamburg's flag? Red and White
65%
Which street is known to be Hamburg's Red Light District? Reeperbahn
65%
If you travelled from Hamburg to the nearest city which has a higher population, where would you have to go? Berlin
49%
Which of these German chancellors has been the mayor of Hamburg for seven years? Olaf Scholz
49%
A famous funfair in Hamburg is the Dom
45%
Hamburg has its own metro system with a route length of 106.4 km (66.1 mi). What is special about it? It has the longest metro line in Europe.
22%
No matching quizzes found
Score Distribution
Percent of People with Each Score
Percentile by Number Answered
Your Score History
You have not taken this quiz since the last reset